00346nam a2200133Ia 450000500170000000800410001704100080005808200150006610000150008124500520009626000410014830000090018965000140019820250729165333.0250729s2005 xx 000 0 und d aeng a910.7 ARAB aSharma S R aResearch In Educational and Vocational Guidence aGadagabVidya Nidhi Prakashanac2005 a282p aGeography